MDQL
is popping MORE tags! Check the
thread
!
Quizzes
Events
Quiz Creation
Community
Videos
Private Events
Remove Ads
Sign In
Join for FREE
Feedback
Dark Mode
Quiz Categories
Sports
Geography
Music
Movies
Television
Just For Fun
Miscellaneous
History
Literature
Language
Science
Gaming
Entertainment
Religion
Holiday
For Kids
Quiz Lab
Recent
Popular Today
Quiz Kudos Today
Editor Picks
Curator Picks
Quizzes by...
Day
Popularity
Type
Ratings
Length
Year
Community
Subscriptions
Recent Discussions
Orange Saloon
Badges
Playlists
Quests
Create
Leaderboards
Showdown
Live 5
Trivia Bingo
Activity
Puzzle Library
Sporcle Events
Private Events
Virtual Trivia
Globe League
Become a Host
Pub Owners
SporcleCon
Opinionation
Our Games
Videos
Blog
Mobile Apps
Partnerships
Remove Ads and Go Orange
Feedback
Sports
Athletes
MLB
NBA
NHL
NFL
Soccer
Sports Teams
WWE
NCAA
Football
Premier League
Basketball
Baseball
Hockey
Golf
Tennis
Cricket
Rugby
Auto Racing
Olympics
World Cup
Sports
Athletes
MLB
NBA
NHL
NFL
Soccer
Sports Teams
WWE
NCAA
Football
Premier League
Basketball
Baseball
Hockey
Golf
Tennis
Cricket
Rugby
Auto Racing
Olympics
World Cup
Random Quiz
Search Sporcle
×
Quiz Lab
Quiz Lab
Sports
NBA
Type in answers that appear in a list
Type in answers that appear in a list
Classic
Best Score? Go Orange.
Top 25 Highest NBA PPG Average Stats
Can you name the Top 25 NBA PPG Average Scorers in History?
By
rld34
5m
25 Questions
457 Plays
457 Plays
457 Plays
Comments
Comments
Give Quiz Kudos
Give Quiz Kudos
-
- Ratings
hide this ad
More Info
Replay
Link that replays current quiz
Next Quiz
Link to next quiz in quiz playlist
You Got
0%
They Got
Avg Score
62%
Avg Friend Score
Upgrade to see
Score Distribution
Jump to the score distribution portion of the page
Score
0/25
Timer
05:00
0
Plays Today
PPG
Player
% Correct
30.1 PPG
Michael Jordan
97.4%
30.0 PPG
Wilt Chamberlain
93.2%
25.2 PPG
Kobe Bryant
90.8%
27.8 PPG
Lebron James
89.3%
24.2 PPG
Larry Bird
79.9%
24.1 PPG
Shaquille O'Neal
79.9%
25.0 PPG
Karl Malone
79.2%
24.6 PPG
Kareem Abdul-Jabbar
79%
26.6 PPG
Allen Iverson
78.8%
27.0 PPG
Jerry West
74%
25.4 PPG
Dwyane Wade
70.7%
27.3 PPG
Elgin Baylor
63.9%
25.6 PPG
Oscar Robertson
63%
PPG
Player
% Correct
24.7 PPG
Carmelo Anthony
61.1%
22.9 PPG
Dirk Nowitzki
58.2%
24.8 PPG
Dominique Wilkins
51.6%
25.0 PPG
George Gervin
50.1%
24.1 PPG
Julius Erving
48.6%
24.2 PPG
Pete Maravich
44.6%
26.3 PPG
Bob Pettit
44.4%
22.8 PPG
Vince Carter
43.3%
23.1 PPG
George Mikan
37%
24.7 PPG
Rick Barry
36.1%
24.2 PPG
Adrian Dantley
33.7%
22.8 PPG
Paul Arizin
15.5%
Quiz Playlist
Details
Report
Send in Message
Add To Playlist
More Info:
Top 25 PPG average scorers in NBA history
Classic:
Type in answers that appear in a list
Quiz Source
Last Updated: Feb 16, 2017
Quiz Scoreboard
CHALLENGE
Sign Up to Join the Scoreboard
Show All
Scores
Hide
Comments
May contain spoilers
Recently Published
1-10 Letter E Words III
by El_Dandy
Language
2m
Street Fighter Characters
by Artimus82
Gaming
60s
College Basketball Coaching Resumes
by pancakes188
Sports
9m
More to Explore
Quiz From the Vault
Featured Blog Post
Where Did the Easter Bunny Come From?
hide this ad
You Might Also Like...
Tags
Basketball Quiz
NBA Quiz
Average
highest
ppg
Top 25
Today's Top Quizzes in Sports
Browse Sports
hide this ad
Today's Top Quizzes in NBA
Browse NBA
Top Contributed Quizzes in Sports
1
2022 World Cup Stars
2
Les meilleurs buteurs des matchs entre le PSG et l’OM
3
FIFA Club World Cup Champions
4
Les entraîneurs de l'OM et du PSG au 21e siècle
5
Criteria MLB: Left Handed Sluggers
6
2023 MLB Unique Player Accomplishments
7
AFC Teams Reveal (Wrong Answers Minefield)
8
Players with Multiple 50 Home Run Seasons
9
5-to-1: FBS Animal Nicknames
10
5-to-1: UK Sports Teams
Explore More
Trending Topics
Marvel
Harry Potter
Disney
Anime
Kpop
NBA
Crossword
The Office
Song
Soccer
WWE
Country
Pokémon
NFL
Puzzle
hide this ad
More By:
rld34
Quiz
Plays
Rating
Category
Featured
Created
4 NBA Rings not w/ Lakers or Celtics
31,131
3.78
Sports
Jul 7, 2010
NBA #1 Overall Pick and scored 10000 pts
3,847
4.35
Sports
Jul 13, 2010
McDonald's AA/NCAA AA/NBA All-Star 5 x's
2,705
4.23
Sports
May 2, 2010
Top 25 New York Knicks of All-Time
2,477
3.43
Sports
Jul 15, 2010
Top 10 New York Giants of All-Time
1,567
2.33
Sports
Jul 15, 2010
Go to Creator's Profile
Score Distribution
Quiz Creator Spotlight
rld34
Follow
Send a Message
Quizzes Created
-
Created Quiz Play Count
-
More By This Creator
Popular Quizzes Today
1
Find the US States - No Outlines Minefield
2
Find the Countries of Europe - No Outlines Minefield
3
The Countries of the World
4
Find the US States
5
Risky Map Clicking: Biggest States A-Z
6
US States
7
Popular People in 1961
8
Movies - When Are They Set?
More Sports Quizzes
Quick Pick: Michael Bennett Teams by Logo
Quiz Lab
Trending Quizzes
Risky Map Clicking: Least Populous States A-Z
Billboard Blitz: Aretha Franklin
Famous Russians: Author or Composer?
1-10 Letter G Words
Countries of the World: 200 Million BC
Recently Updated
Leaping Animals
pecheneg
Reality TV Shows (A-Z)
bhenderson79
Rickey Henderson's Hall of Fame Teammates
pecheneg
Champions League XIs: Arsenal
pecheneg
Quick Pick: Celebrities in WWE's Hall of Fame
aduchscher
A-Z Keypad Blitz II
pecheneg
Multiple Oscar Actors
pecheneg
Mystery Phrase Blitz: Oscar 'Best Actors'
pecheneg
F. Scott Fitzgerald Novels
LTH
Pick 3 Villains
ddd62291
Trending Topics
Kpop
Marvel
Anime
Crossword
NBA
Harry Potter
Disney
WWE
Song
Country
NFL
The Office
Soccer
Pokémon
Puzzle
Your Account Isn't Verified!
In order to create a playlist on Sporcle, you need to verify the email address you used during registration. Go to your
Sporcle Settings
to finish the process.
Report this User
Report this user for behavior that violates our
Community Guidelines
.
Details:
Send Report
Go to the Sporcle.com Mobile Site →
Comments